000 00362nam a22001457a 4500
008 210519b ||||| |||| 00| 0 eng d
020 _a9780538884921
041 _aeng
080 _24th
_a33
082 _a33
100 _a58
101 _aBIZ
245 _aThe Legal, Ethical ad International Environmental of Business
_cHerbert M. Bohlman
942 _2udc
_cBK
999 _c57535
_d57535